Normal view
MARC view
- Melby, Pete , Cathcart, Tom
Entry Personal Name
001 - CONTROL NUMBER
- control field: 64110
003 - CONTROL NUMBER IDENTIFIER
- control field: NUST
005 - DATE AND TIME OF LATEST TRANSACTION
- control field: 20210628203226.0
008 - FIXED-LENGTH DATA ELEMENTS
- fixed length control field: 210628|| aca||aabn | a|a d
040 ## - CATALOGING SOURCE
- Original cataloging agency: NUST
- Transcribing agency: NUST
100 ## - HEADING--PERSONAL NAME
- Personal name: Melby, Pete , Cathcart, Tom
670 ## - SOURCE DATA FOUND
- Source citation: Work cat.: (NUST): Melby, Pete , Cathcart, Tom, Regenenrative design techniques , practical applications in landscape design, 2002
